ASM ou CAB ? - Statistiques

Statistiques générales
  • Ce quiz a été pris 78 fois
  • Le résultat moyen est 12 sur 20
Statistiques - réponses
Question Réponse % Correct
Aurélien Rougerie ASM
100%
Mario Ledesma ASM
89%
Arthur Itturia ASM
89%
Davit Zirakashvili ASM
89%
Saïd Hirèche CAB
89%
Gerhard Vosloo Les Deux
89%
Jamie Cudmore ASM
78%
Jean-Baptiste Péjoine CAB
78%
Arnaud Méla CAB
78%
Didier Casadeï CAB
67%
David Bory Les Deux
67%
Jean-Pierre Romeu ASM
56%
Guillaume Ribes CAB
56%
Olivier Magne Les Deux
44%
Damien Chouly Les Deux
33%
Sébastien Vahaamahina Les Deux
33%
Mike Tadjer Les Deux
33%
Elvis Vermeulen Les Deux
22%
Arnaud Mignardi Les Deux
22%
Sébastien Viars Les Deux
22%
Aucun quiz correspondant
Distribution des résultats
% des personnes avec chaque résultat
Percentile par nombre de réponses
Votre historique - résultats
Vous n’avez pas pris ce quiz